| 000 | 02606cam a22003858a 4500 | ||
|---|---|---|---|
| 001 | 14140947 | ||
| 005 | 20101019122420.0 | ||
| 008 | 051014s2006 nyu b 001 0 eng | ||
| 010 | _a 2005030133 | ||
| 020 | _a0415343704 (hard cover) | ||
| 020 | _a9780415343701 (hard cover) | ||
| 040 |
_aDLC _cDLC _dDLC |
||
| 042 | _apcc | ||
| 050 | 0 | 0 |
_aHF5429 _b.S77 2006 |
| 082 | 0 | 0 |
_a658.87 _222 _bSTR |
| 245 | 0 | 0 |
_aStrategic Issues in International Retailing / _cEdited by John Dawson, Roy Larke, and Masao Mukoyama. |
| 260 |
_aNew York : _bRoutledge, 2006 _c2006. |
||
| 263 | _a0607 | ||
| 300 |
_a218 p. : _bill. ; _c22 cm. |
||
| 504 | _aIncludes bibliographical references and index. | ||
| 505 | 0 | _aThe increase in international activity by retailers / John Dawson and Masao Mukoyama -- Retail internationalisation as a process / John Dawson and Masao Mukoyama -- Building an international retail strategy / Marc Dupuis and Jean Founioux -- Inditex-Zara : re-writing the rules in apparel retailing / Steve Burt, John Dawson, and Roy Larke -- Carrefour : being aware of the domestic market! / Marc Dupuis, Sang Chul Choi, and Roy Larke -- The Boots Group Plc : rethinking the formula / Keri Davies -- Royal Ahold : multi-national, multi-channel, multi-format food provider / Steve Burt, John Dawson, and Roy Larke -- Tesco : transferring marketing success factors internationally / John Dawson, Roy Larke, and Sang Chul Choi -- The international transfer of key success factors / John Dawson and Masao Mukoyama. | |
| 650 | 0 |
_aRetail trade. _923279 |
|
| 650 | 0 |
_aInternational trade. _923280 |
|
| 650 | 0 |
_aStrategic planning. _923281 |
|
| 700 | 1 |
_aDawson, John A. _923282 |
|
| 700 | 1 |
_aLarke, Roy, _d1962- _923283 |
|
| 700 | 1 |
_aMukoyama, Masao. _923284 |
|
| 856 | 4 | 1 |
_3Table of contents only _uhttp://www.loc.gov/catdir/toc/ecip062/2005030133.html |
| 856 | 4 | 2 |
_3Publisher description _uhttp://www.loc.gov/catdir/enhancements/fy0651/2005030133-d.html |
| 942 |
_2ddc _cBB |
||
| 999 |
_c15168 _d15168 |
||